|
|
|
|
| LEADER |
00000nam a22000007a 4500 |
| 005 |
20190930220216.0 |
| 007 |
cr|||| |||| |
| 008 |
190930s2019 co |||||s|||| 00||0 spa d |
| 020 |
|
|
|a 9786139407927
|
| 035 |
|
|
|a 25387
|
| 040 |
|
|
|a vLex
|
| 090 |
|
|
|c 9670
|d 9670
|
| 100 |
1 |
|
|a Sur̀ez Bone, Juan Carlos
|
| 245 |
1 |
2 |
|a La prescripcin̤ de la accin̤ de Visto Bueno por duplicidad de sancin̤
|h [Recurso electrn̤ico] /
|c Juan Carlos Sur̀ez Bone
|
| 256 |
|
|
|a Servicio en ln̕ea
|
| 260 |
|
|
|a Quito:
|b Editorial Acadm̌ica Espaǫla,
|c 2019
|
| 300 |
|
|
|a 1 recurso electrn̤ico
|
| 500 |
|
|
|a Lesionando los principios procesales constitucionales y laborales en el Ecuador, especf̕icamente en la ciudad de Guayaquil, en el Ministerio de Relaciones Laborales y Trabajo, la mayora̕ de Inspectores de trabajo omiten normas procesales y lo toman muy a la ligera la institucin̤ de Visto Bueno en su desarrollo hasta su resolucin̤, esto no puede suceder por que decide el destino del vn̕culo de laboral entre obrero y empleador. Con ambigüedades u omisin̤ a las normas procesales, directrices de todos los procedimientos, jams̀ habr ̀justicia eficaz.
|
| 506 |
1 |
|
|a Disponible solo en los productos indicados
|d vLex Global
|d vLex Global (Academic Edition, excluding Law Schools)
|d vLex Global (U.S. Academic Edition, Law Schools)
|d vLex Global (U.S. Academic Edition, excluding Law Schools)
|d vLex Global (Academic Edition, Law Schools)
|
| 650 |
0 |
4 |
|a Derecho Pb︢lico y Administrativo
|z Ecuador
|
| 740 |
0 |
|
|a vLex Libros (Servicio en ln̕ea)
|
| 856 |
4 |
0 |
|u http://vlex.com/source/25387
|z Acceso restringido
|
| 942 |
|
|
|c BOOK
|
| 999 |
0 |
|
|a Public and Administrative Law
|